000 01005nam a2200265 a 4500
001 ebr10415696
003 CaPaEBR
006 m u
007 cr cn|||||||||
008 100930s2007 ii sb 000 0 eng d
020 _z9788181521897
040 _aCaPaEBR
_cCaPaEBR
035 _a(OCoLC)658213251
050 1 4 _aHM585
_b.S53 2007eb
100 1 _aSharma, Priyanka.
245 1 0 _aSociology
_h[electronic resource] :
_bcritical theory and practice /
_cPriyanka Sharma.
260 _aJaipur, India :
_bBook Enclave,
_c2007.
300 _a208 p.
504 _aIncludes bibliographical references.
533 _aElectronic reproduction.
_bPalo Alto, Calif. :
_cebrary,
_d2010.
_nAvailable via World Wide Web.
_nAccess may be limited to ebrary affiliated libraries.
650 0 _aSociology.
655 7 _aElectronic books.
_2local
710 2 _aebrary, Inc.
856 4 0 _uhttp://site.ebrary.com/lib/rucke/Doc?id=10415696
_zAn electronic book accessible through the World Wide Web; click to view
999 _c86097
_d86097